000 06998nam a2200349Ia 4500
005 20180403082627.0
008 130821s1562 fr fr 1 lat
040 _aCo-BoUCM
_bspa
_cSandra Yazo (modificó)
_dSandra Yazo (modificó)
041 0 _alat
082 0 4 _a230.2
_220
092 _aE21N069
100 1 _aTomás de Aquino
_d1225-1274
_9859
_cSanto
242 0 0 _aSuma teológica de Santo Tomás de Aquino. Parte Primera, explicada con comentarios de Tomás de Vio Cayetano ;
_yspa
_pSuma teológica de Santo Tomás de Aquino. Primera sección de la Segunda Parte. Explicada con comentarios de Tomás de Vio, Cayetano ;
_pSuma teológica de Santo Tomás de Aquino. Segunda sección de la Segunda Parte. Explicada con comentarios de Tomás de Vio, Cayetano.
_pTercera parte de la Suma Teológica de Santo Tomás de Aquino, ampliada y explicada con comentarios de Tomás de Vio (Cayetano). A la que recientemente se añadieron conclusiones de cada uno de los artículos y un suplemento de dicha tercera parte
245 1 0 _aSumma Sacrae Thologiae ... Divo Thoma Aquinate ... autore ... Pars prima .. Thomae a Vio Caietani ... commentariis illustrata ;
_pPrima Secundae partis Summae Sacrae Theologiae Sancti Thomae Aquinatis ... Thomae de Vio, Caietani ... Commentariis illustrata ;
_pSecunda Secundae partis Sacrosanctae Theologiae Divi Thomae Aquinatis ... Thomae a Vio, Caietani, ... commentariis illustrata.
_pTertia pars Summae Sacrae Theologiae Sancti Thomae Aquinatis ... Thomae à Vio Caietani ... commentariis adaucta, atque illustrata. Cui recens accesserunt singulorum articulorum conclusiones ... Item supplementum eiusdem tertiae partis ... additum
260 _aLugduni [Lyon] (Francia)
_bApud haeredes Iacobi Iunctae [En los talleres de los herederos de Jacobo Junta]
_c1562
300 _a[56], 524 ;[69], 388, 299 ; [62], 694 ; [22], 750 páginas
_c32 x 23 cm.
500 _aV.1 y V.2-T.1 encuadernación rígida en madera forrada en cuero. Tapas con repujados y gofrados; perdió cierres metálicos, cuero muy deteriorado. Conserva parcialmente las guardas. Portadas impresas en una sola tinta, con marca tipográfica del impresor, ambas portadas con anotaciones manuscritas de propiedad, algunas tachadas. Texto en dos columnas, enmarcado por los comentarios. Mayúsculas capitales. Párrafos numerados. Apostillas marginales. Signaturas y reclamos. Al final registro de cuadernillos. V.2 – T.1 lomo con roturas, papel con notorias manchas de humedad y oxidación de tintas, tapa posterior rota. V.2 – T.2, sin encuadernación original, actualmente encuadernación rígida (holandesa) en cartón forrado en papel, con lomo de tela y adornos en dorado. Cortes decorados. Guardas. Ejemplar mútilo, faltan las primeras páginas incluyendo la portada. Págs. 503 a 506 empiezan a desprenderse. Titulo confirmado con colofón al final, datos de publicación tomados del V.1. V.3 con encuadernación rígida (holandesa con esquinas), ejemplar mútilo, lomo mal marcado, datos de publicación confirmado con la edición en línea
505 0 _aV.1: Suma Teológica, Parte I: Naturaleza de la ciencia sagrada (teología) ; Diós: Existencia ; Simplicidad ; Perfección ; Bondad ; Infinitud y omnipresencia ; Inmutabilidad y eternidad ; Cómo conocemos a Dios ; La ciencia de Dios ; La voluntad de Dios ; El amor de Dios ; Providencia y predestinación ; La Trinidad: Unidad y pluralidad en Dios ; Pluralidad de personas ; Las relaciones ; Relación: Persona-esencia ; Persona-acciones ; Persona-propiedades ; Misiones divinas ; Creación: Las cosas son creaturas ; El mal: Causas ; Los ángeles -- Tratados complementarios: La presciencia y la predestinación ; La infinitud de Dios ; La potencia obediencial ; Analogía de las palabras -- V.2 – T.1: Suma Teológica, Parte 2, sección 1: Fin último del hombre ; Qué es la bienaventuranza ; La bienaventuranza humana ; Requisitos de la bienaventuranza ; Lo voluntario y lo involuntario ; Circunstancias del acto humano ; La voluntad: objeto y motivos ; La intención ; La elección ; La deliberación ; El consentimiento ; Bondad o malicia del acto humano ; Las pasiones del alma ; Bien y mal en las pasiones del alma ; El amor ; El odio ; La concupiscencia ; La delectación: causas y efectos ; La tristeza ; La ira ; Los hábitos ; Las virtudes ; Virtudes morales e intelectuales ; Las virtudes teologales ; Las Bienaventuranzas ; Los vicios ; El pecado ; El pecado original -- Opúsculos / Tomás de Vio: La autoridad del Papa y de los Concilios ; Primera Apología en la que se comparan ambas autoridades ; La institución del Papado ; La atrición y la contrición ; Las indulgencias ; El contrato matrimonial ; Respuestas al Papa León X -- V.2 – T.2: Suma Teológica, Parte 2, sección 2: Virtudes cardinales: La fe ; La herejía ; La apostasía ; El pecado de Blasfemia ; La esperanza ; La desesperanza ; El desespero ; La presunción ; La caridad ; Los dones del Espíritu Santo ; La beneficencia ; La limosna ; La paz ; La discordia ; El cisma ; La guerra ; La sedición ; La Prudencia y la Justicia ; La virtud de la religión ; La oración ; La devoción ; Las supersticiones ; Los votos ; Los diezmos ; La fortaleza y la templanza ; Algunos dones especiales: la profecía, don de lenguas, milagros ; La vida contemplativa ; La vida activa ; Los estados de perfección -- V.3: Suma Teológica, Parte 3: La encarnación ; El modo de unión del Verbo con la naturaleza humana asumente ; La unión hipostática ; La gracia de Cristo ; La ciencia de Cristo ; Unidad de Cristo en el ser y en la voluntad ; Cristo, mediador entre Dios y los hombres ; María y la concepción de Jesucristo ; Misterios principales de la vida de Jesús ; La Pasión, muerte, resurrección y ascensión ; Los Sacramentos en general y en particular
506 _aConsulta en sala
546 _aTexto en latín
650 7 _aTeología dogmática
_xObras anteriores a 1800
_933842
650 7 _a Teología Moral
_xObras anteriores a 1800
_941481
650 7 _aTomismo
_xObras anteriores a 1800
_937807
690 _aTeología
_925230
700 1 _aVío, Tomás de
_d1469-1534
_960525
740 _aOpuscula omnia Thomae de Vio Caiyetani ... recens aucta adque locupletata [Todos los opúsculos de Tomás de Vio, Cayetano, recientemente ampliados y completados]
856 4 1 _uhttps://books.google.com.co/books?id=LxpjAAAAcAAJ&printsec=frontcover&source=gbs_ge_summary_r&cad=0#v=onepage&q&f=false
_zDisponible en línea V.1
856 4 1 _uhttps://books.google.com.co/books?id=PRtjAAAAcAAJ&printsec=frontcover&source=gbs_ge_summary_r&cad=0#v=onepage&q&f=false
_zDisponible en línea V.2 T.1
856 4 1 _uhttps://babel.hathitrust.org/cgi/pt?id=ucm.5329195235;view=1up;seq=5
_zDisponible en línea V.2 T.2, edición de 1567
856 4 1 _uhttps://books.google.com.co/books?id=Rw0YX9xo3-YC&printsec=frontcover&source=gbs_ge_summary_r&cad=0#v=onepage&q&f=false
_zDisponible en línea V.3
942 _cLIBRO
_a4
_e1
_2LOCAL
_hE21N069
999 _c37974
_d37974